Las cárceles de la miseria

Furkejuvvon:
Bibliográfalaš dieđut
Váldodahkki: Wacquant, Loïc (Dahkki)
Materiálatiipa: Girji
Giella:espánnjágiella
Almmustuhtton: Buenos Aires Manantial 2000
Preanttus:1a. ed
Fáttát:
Fáddágilkorat: Lasit fáddágilkoriid
Eai fáddágilkorat, Lasit vuosttaš fáddágilkora!

MARC

LEADER 00000cam a2200000 a 4500
001 UCG0778
003 CL-VaPUC
008 100408e20000000AG |||||||||||||||||spa|d
020 |a 9789875000438 
082 0 4 |a 305.56  |b WAC  |2 21 
100 0 |a Wacquant, Loïc  |e author  |9 548324 
245 1 4 |a Las cárceles de la miseria 
250 |a 1a. ed 
300 |a 186 p 
942 |c BK 
945 |d 20100408 00:00:00  |a rbrito 
260 |a Buenos Aires  |b Manantial  |c 2000 
650 0 |a Pobreza  |9 258652 
650 0 |a Desigualdad social  |9 349409 
650 0 |a Problemas sociales  |9 258537 
650 0 |a Discriminación social  |9 323032 
650 0 |a Antropología social  |9 306264 
583 |a last modification  |c 20131014 03:42:52  |k Rodrigo Vera 
999 |c 340302  |d 340300 
952 |0 0  |1 0  |4 0  |6 305_560000000000000_WAC_2000  |7 0  |8 R  |9 434894  |a BIBGIM  |b BIBGIM  |d 2019-11-22  |i 4659104  |o 305.56 WAC 2000  |p 4659104  |r 2025-01-15  |w 2019-11-22  |y BK_R  |k SSL 
952 |0 0  |1 0  |4 0  |6 305_560000000000000_WAC_2000  |7 0  |8 R  |9 434895  |a BIBGIM  |b BIBGIM  |d 2019-11-22  |i 4659112  |o 305.56 WAC 2000  |p 4659112  |r 2025-01-15  |w 2019-11-22  |y BK_R  |k SSL 
952 |0 0  |1 0  |4 0  |6 305_560000000000000_WAC_2000  |7 0  |8 R  |9 434896  |a BIBGIM  |b BIBGIM  |d 2019-11-22  |i 4659120  |l 1  |o 305.56 WAC 2000  |p 4659120  |r 2025-01-15  |s 2024-05-14  |w 2019-11-22  |y BK_R  |k SSL 
952 |0 0  |1 0  |3 erb  |4 0  |6 305_560000000000000_WAC_2000  |7 0  |8 A  |9 434897  |a BIBEDU  |b BIBEDU  |d 2019-11-22  |i 5019893  |o 305.56 WAC 2000  |p 5019893  |r 2019-11-22  |w 2019-11-22  |y BK  |z Catalogado en:20131018  |k PSI